Really hard Friends quiz - Statistics

General Stats
  • This quiz has been taken 106 times
  • The average score is 5 of 9
Answer Stats
Hint Answer % Correct
What is Chandler's middle name? Muriel
89%
What is Chandler's mother's name? Nora
75%
What is Phoebe's favorite name to use instead of her own? Regina phalange
73%
What did Monica rub on her face, while she was looking through her belongings at her parent's house? Mouse
65%
Who is the woman Rachel kissed while drunk at a luau? Melissa
49%
Who is the dog that Phoebe snuck into Monica's apartment? Clunkers
45%
Who's tux did Chandler rent for his wedding? Diane Keaton
39%
What is Ursula's Middle name? Pamela
31%
What was the name of the student that first declared he loved Ross to get a better grade in class? Ned
19%
No matching quizzes found
Score Distribution
Percent of People with Each Score
Percentile by Number Answered
Your Score History
You have not taken this quiz